000 00585cam a2200193 4500500
005 20260405002026.0
041 _afre
042 _adc
100 1 0 _aFleury, Pauline
_eauthor
245 0 0 _aLa crise grecque divise l’Allemagne des idées
260 _c2015.
500 _a89
690 _aAllemagne
690 _aAngela Merkel
690 _aGrèce
690 _aPeter Sloterdijk
786 0 _nPhilosophie magazine | 92 | 9 | 2015-09-01 | p. 6-6 | 1951-1787
856 4 1 _uhttps://shs.cairn.info/magazine-philosophie-magazine-2015-9-page-6?lang=fr&redirect-ssocas=7080
999 _c2053439
_d2053439